000 00798nam a2200301Ia 4500
001 7547
003 IT-RoPAU
008 130308s9999 xx 000 0 und d
040 _aIT-RoPAU
040 _cIT-RoPAU
041 _aITALIANO
100 _aTzara Tristan
100 _gCodice Aut. SPICS: 287
245 _aFotografia alla rovescia (La)
245 _bImmagine Fotografica (L')
250 _a1a ed.
260 _aVENEZIA
260 _bLa Biennale/Eri
260 _c1977 [1° Ed.:1977 - Ed.Ling.Originale:1977]
300 _a"2 p. (prefazione: no ; testo: 2 [pagine: 215-216])"
500 _aNote Sulla fotografia di Man Ray
650 _aAUTORI/OPERE DI FOTOGRAFIA
650 _eCodice materia Spics: 6757
942 _cBK
957 _71
999 _c50849
_d50849
999 _bSI
999 _g1